[Event "Ålesund Grand Prix 2018"]
[Site "Thon Hotel Ålesund"]
[Date "2018.04.06"]
[Round "5"]
[White "Unhjem, Bjørn Robert Løvoll"]
[Black "Nyland, Thomas"]
[Result "1/2-1/2"]
[WhiteElo "1706"]
[BlackElo "2032"]

1. e4  e5  2. Nf3  Nc6
3. Bb5  Nf6  4. d3
Bc5  5. O-O  d6
6. c3  O-O  7. Re1  a6
8. Ba4  Bg4  9. h3
Bh5  10. Nbd2  Ba7
11. Nf1  Bg6  12. Ng3
Nh5  13. Nxh5  Bxh5
14. g4  Bg6  15. Bg5
Qc8  16. Be3  h5
17. Nh4  Bh7  18. Qf3
hxg4  19. hxg4  Bxe3
20. fxe3  g5  21. Nf5
Bxf5  22. exf5  f6
23. Bxc6  bxc6  24. Qxc6
Kg7  25. Kf2  Rb8
26. b3  Qb7  27. Qxb7
Rxb7  28. Rh1  a5
29. Rh5  Rh8  30. Rxh8
Kxh8  31. Ke2  c5
32. Kd2  Rh7  33. a4
Rh2+  34. Kc1  Rh1+
35. Kb2  Rh2+  36. Ka3
Rc2  37. Rd1  Kg7
38. c4  Rg2  39. d4
exd4  40. exd4  Rxg4
41. dxc5  dxc5  42. Rd5
Rf4  43. Rxc5  g4
44. Rd5  g3  45. Rd3
Rg4  46. Rd1  g2
47. Rg1  Rg3  48. Kb2
Kf7  49. b4  axb4
50. a5  Ra3  51. Rxg2
Rxa5  52. Kb3  Rxf5
53. Kxb4  Rf1  54. c5
Ke6  55. Rd2  Rb1+
56. Ka5  Rc1  57. Kb6
f5  58. c6  f4
59. Kb7  Ke5  60. c7  f3
61. c8=Q  Rxc8  62. Kxc8
Ke4  63. Kc7  Ke3
64. Rd8  f2  65. Re8+
Kd2  66. Rd8+  Ke2
67. Re8+  Kd2  68. Rd8+
Ke2
1/2-1/2

[Event "Ålesund Grand Prix 2018"]
[Site "Thon Hotel Ålesund"]
[Date "2018.04.06"]
[Round "5"]
[White "Hoti, Nimon"]
[Black "Nakken, Roar E."]
[Result "1-0"]
[WhiteElo "1976"]
[BlackElo "1950"]

1. e4  e5  2. Nf3  Nc6
3. Bb5  a6  4. Bxc6
dxc6  5. h3  c5
6. d3  f6  7. Qe2  Ne7
8. Be3  Nc6  9. Nbd2
Nd4  10. Bxd4  cxd4
11. a3  c5  12. Nh4
g6  13. Nhf3  Be6
14. g3  Qd7  15. h4
h5  16. Nh2  Bh6
17. Rg1  O-O-O  18. Nhf1
Kb8  19. b3  Rhe8
20. a4  b6  21. f3
Kb7  22. Qg2  Ra8
23. Qe2  Rec8  24. Kf2
Qc6  25. Nc4  Rc7
26. Kg2  Qe8  27. Nd6+
Qd7
1-0

[Event "Ålesund Grand Prix 2018"]
[Site "Thon Hotel Ålesund"]
[Date "2018.04.06"]
[Round "5"]
[White "Kristiansen, Tore"]
[Black "Kyrkjebø, Hanna B"]
[Result "1/2-1/2"]
[WhiteElo "1770"]
[BlackElo "1944"]

1. b4 d5 2. Bb2 Nf6 3. Nf3 Bf5 4. e3 e6 5. b5 h6 6. c4 Be7 7. Be2 O-O 8. O-O Nbd7 9. d4 Ne4 10. Nc3 Ndf6 11. Nd2 Nxc3 12. Bxc3 Rc8 13. a4 c5 14. dxc5 Bxc5 15. Qb3 Qe7 16. Rac1 Rfd8 17. Rfd1 Bg6 18. Bxf6 Qxf6 19. cxd5 Rxd5 20. Bf3 Rd3 21. Qa2 b6 22. Ne4 Bxe4 23. Bxe4 Rdd8 24. Qe2 g6 25. g3 Kg7 26. Kg2 h5 27. Rc2 h4 28. Rcd2 Rxd2 29. Qxd2 Qe5 30. Bf3 Qf5 31. Qe2 Rh8 32. Bg4 Qe5 33. Rd7 hxg3 34. hxg3 Qa1 35. Qd1 Qe5 36. Rxa7 Rf8 37. Qd7 Kh6 38. Qd2 Qe4+ 39. Bf3 Qe5 40. a5 bxa5 41. Rxa5 Bb6 42. Qb4 Kg7 43. Ra6 Rb8 44. Bc6 Bc5 45. Qb3 Bb6 46. Ra2 Rh8 47. Qb2 Kf6 48. Kf3 Qxb2 49. Rxb2 Ke5 50. Rd2 Rd8 51. Ra2 f6 52. Ra1 f5 53. Rh1 Rc8 54. Rh7 g5 55. g4 Rf8 56. gxf5 Rxf5+ 57. Ke2 Kd6 58. Rg7 Re5 59. Kd3 Rf5 60. f3 Re5 61. Rd7+ Kc5 62. Rb7 Ba5 63. Ra7 Bb6 64. Rb7 Ba5 65. Ra7 Bb6
1/2-1/2

[Event "Ålesund Grand Prix 2018"]
[Site "Thon Hotel Ålesund"]
[Date "2018.04.06"]
[Round "5"]
[White "Strand, Amund Pihl"]
[Black "Gaustad, Erlend"]
[Result "1/2-1/2"]
[WhiteElo "1616"]
[BlackElo "1892"]

1. d4 Nf6 2. Bf4 d5 3. e3 c5 4. c3 Nc6 5. Nf3 Qb6 6. Qb3 c4 7. Qc2 Bf5 8. Qc1 h6 9. Nbd2 e6 10. h3 Be7 11. Be2 O-O 12. O-O Qd8 13. b3 cxb3 14. axb3 a5 15. Ne5 Nxe5 16. Bxe5 Bd6 17. Nf3 Bxe5 18. Nxe5 Qc7 19. Qb2 Nd7 20. Nxd7 Qxd7 21. Qd2 b5 22. Ra2 Rfc8 23. Rfa1 Qc7
1/2-1/2

[Event "Ålesund Grand Prix 2018"]
[Site "Thon Hotel Ålesund"]
[Date "2018.04.06"]
[Round "5"]
[White "Kyrkjebø, Marte B"]
[Black "Rasdal, Yngve"]
[Result "1-0"]
[WhiteElo "1863"]
[BlackElo "1866"]

1. e4  e5  2. Nf3  Nc6
3. d4  exd4  4. Nxd4
Bc5  5. Nb3  Bb6
6. Nc3  Nf6  7. Qe2
d6  8. Be3  Be6
9. O-O-O  Qe7  10. g3  O-O-O
11. Bg2  Ne5  12. Bxb6
axb6  13. Nd4  Bc4
14. Qd2  g6  15. f4
Ned7  16. Rhe1  Rhe8
17. Qf2  Ng4  18. Qg1
f6  19. h3  Nh6
20. Nd5  Qg7  21. Kb1  f5
22. Ne3  Bg8  23. exf5
Nxf5  24. Ndxf5  gxf5
25. Nxf5  Qf7  26. g4
Qxa2+  27. Kc1  Nc5
28. Qd4  Ne6  29. Qb4
Nc5  30. Ne7+  Kb8
31. Nxg8  Rxg8  32. Bd5
Qa6  33. Bxg8  Rxg8
34. Qa3  Qc4  35. Qe3
Rf8  36. f5  h5
37. gxh5  Rxf5  38. h6  Re5
39. h7  Rxe3  40. h8=Q+
Ka7  41. Rxe3
1-0

[Event "Ålesund Grand Prix 2018"]
[Site "Thon Hotel Ålesund"]
[Date "2018.04.06"]
[Round "6"]
[White "Valle, Knut"]
[Black "Hausken, Andreas Skrede"]
[Result "1-0"]
[WhiteElo "1713"]
[BlackElo "1585"]

1. d4 Nf6 2. Nf3 e6 3. e3 d5 4. Bd3 Be7 5. Nbd2 O-O 6. O-O b6 7. Re1 c5 8. c3 Bb7 9. e4 dxe4 10. Nxe4 Nc6 11. dxc5 Nxe4 12. Bxe4 Bxc5 13. Bxh7+ Kh8 14. Qc2 Ne7 15. Bg5 Qc7 16. Be4 Bxe4 17. Rxe4 Ng6 18. Rd1 b5 19. Ne5 f5 20. Rd7
1-0